书目信息 |
| 题名: |
校雠广义
|
|
| 作者: | 程千帆 , 徐有富 著 | |
| 分册: | 典藏编 | |
| 出版信息: | 北京 中华书局 2020 |
|
| 页数: | 385页 | |
| 开本: | 22cm | |
| 丛书名: | ||
| 单 册: | ||
| 中图分类: | G256.3 , G259.29 | |
| 科图分类: | ||
| 主题词: | 校勘--jiao kan--理论 , 藏书--cang shu--研究--中国--古代 | |
| 电子资源: | ||
| ISBN: | 978-7-101-14040-8 | |
| 000 | 00887nam0 2200277 450 | |
| 001 | 2131039444 | |
| 005 | 20211029202829.0 | |
| 010 | @a978-7-101-14040-8@b精装@dCNY68.00 | |
| 100 | @a20200727d2020 em y0chiy0120 ea | |
| 101 | 0 | @achi |
| 102 | @aCN@b110000 | |
| 105 | @ay z 000yy | |
| 106 | @ar | |
| 200 | 1 | @a校雠广义@Ajiao chou guang yi@i典藏编@e修订本@f程千帆,徐有富著 |
| 210 | @a北京@c中华书局@d2020 | |
| 215 | @a385页@d22cm | |
| 330 | @a本书包括典藏学的建立与典藏的功用、典藏单位、图书收集、书籍亡佚、图书保管、图书流通等。 | |
| 517 | 1 | @a典藏编@Adian cang bian |
| 606 | 0 | @a校勘@Ajiao kan@x理论 |
| 606 | 0 | @a藏书@Acang shu@x研究@y中国@z古代 |
| 690 | @aG256.3@v5 | |
| 690 | @aG259.29@v5 | |
| 701 | 0 | @a程千帆@Acheng qian fan@f(1913-2000)@4著 |
| 701 | 0 | @a徐有富@Axu you fu@f(1943.7-)@4著 |
| 801 | 0 | @aCN@b百万庄@c20211029 |
| 905 | @b1312927-930@dG256.3@e115@f4 | |
| 校雠广义.典藏编:修订本/程千帆,徐有富著.-北京:中华书局,2020 |
| 385页;22cm |
| ISBN 978-7-101-14040-8(精装):CNY68.00 |
| 本书包括典藏学的建立与典藏的功用、典藏单位、图书收集、书籍亡佚、图书保管、图书流通等。 |
| ● |
| 相关链接 |
|
|
|
|
正题名:校雠广义
索取号:G256.3/115
 
预约/预借
| 序号 | 登录号 | 条形码 | 馆藏地/架位号 | 状态 | 备注 |
| 1 | 1312927 | 213129274 | 第一样本阅览室/ [索取号:G256.3/115] | 在馆 | |
| 2 | 1312928 | 213129283 | 第四借阅区/ [索取号:G256.3/115] | 在馆 | |
| 3 | 1312929 | 213129292 | 第四借阅区/ [索取号:G256.3/115] | 在馆 | |
| 4 | 1312930 | 213129309 | 第四借阅区/ [索取号:G256.3/115] | 在馆 |